000 00426nam a2200157Ia 4500
005 20250610112953.0
008 008 250505s9999 xx 000 0 eng d
020 _a9789390644476
040 _beng
_cILCL
041 _aeng
_2eng
100 _aVinogradoff, Paul
245 0 _aCommon - Sense in Law
260 _aDelhi
_bLaw and Justice Publishing Company
_c2022
300 _a256p.
942 _cTB
_2Colon Classification
999 _c1312045
_d1312045